English file :

Wedi'i Gadw mewn:
Manylion Llyfryddiaeth
Prif Awdur: Latham-Koenig, Christina.
Fformat: Llyfr
Iaith:Undetermined
Cyhoeddwyd: Oxford Oxford University Press 2015
Pynciau:
Tagiau: Ychwanegu Tag
Dim Tagiau, Byddwch y cyntaf i dagio'r cofnod hwn!
Thư viện lưu trữ: Trung tâm Học liệu Trường Đại học Cần Thơ
LEADER 00618nam a2200193Ia 4500
001 CTU_224322
008 210402s9999 xx 000 0 und d
020 |c 198500 
082 |a 428.24 
082 |b L352/CD.4 
100 |a Latham-Koenig, Christina. 
245 0 |a English file : 
245 0 |c Christina Latham-Koenig, Clive Oxenden 
260 |a Oxford 
260 |b Oxford University Press 
260 |c 2015 
650 |a Anh ngữ,English language 
650 |x Dạy và học,Nói tiếng nước ngoài,Study and teaching,Foreign speakers 
980 |a Trung tâm Học liệu Trường Đại học Cần Thơ